|
|
|
|
| LEADER |
00631nta a2200181 i 4500 |
| 001 |
dokt8723 |
| 005 |
20200826104918.0 |
| 008 |
200407s1932 hu om 0|| hun d |
| 040 |
|
|
|a SZTE Doktori Repozitórium
|b hun
|
| 041 |
|
|
|a hun
|
| 100 |
1 |
|
|a Tahy István
|
| 245 |
1 |
2 |
|a A kapitalizmus hatása a közlekedés fejlődésére a XIX. században
|h [elektronikus dokumentum] /
|c Tahy István
|
| 260 |
|
|
|c 1932
|
| 502 |
|
|
|a Disszertacio
|
| 650 |
|
4 |
|a közgazdaságtudományok
|
| 695 |
|
|
|a Ipartörténet
|
| 700 |
1 |
|
|a Nincs megadva
|e ths
|
| 856 |
4 |
0 |
|u https://doktori.bibl.u-szeged.hu/id/eprint/8723/1/doktori_1932_tahy_istvan.pdf
|z Dokumentum-elérés
|